Petrochémia
Štúdium a výskum v odbore výroby základných alifatických chemikálií na báze petrochemických surovín ; výskum a vývoj zmäkčovadiel ; normalizačná a výskumná činnosť na úseku merania výbušností plynov a pár ; technicko-ekonomické štúdie ; dokumentácia
| Format: | Journal |
|---|---|
| Language: | Slovak Czech |
| PhysicalDescription: | zv. tab. 32 cm |
| Published: |
Nováky
Výskumný ústav pre petrochémiu
[1960]-[2002]
Prievidza |
| ISSN: | 0370-2154 |
| Subjects: |
MARC
| LEADER | 00000cas a2200000 a 4500 | ||
|---|---|---|---|
| 001 | vtls001371814 | ||
| 003 | SK-MaSNL | ||
| 005 | 20260228155744.0 | ||
| 008 | 200729d19602002xo r p 0 0b0slo | ||
| 022 | |a 0370-2154 | ||
| 040 | |a SNK |b slo |c SNK |e AACR2 | ||
| 041 | 0 | |a slo |a cze | |
| 044 | |a xo |c SK | ||
| 072 | 7 | |a 665 |x Oleje. Tuky. Vosky. Spojivá. Živice |2 konspekt | |
| 072 | 7 | |a 66 |x Chemický priemysel. Chemická technológia |2 konspekt | |
| 080 | |a (051)-048.55 |2 2011 | ||
| 080 | |a 665.6/.7 |2 2011 | ||
| 080 | |a 050 |2 2011 | ||
| 080 | |a 66 |2 2011 | ||
| 210 | 0 | |a Petrochemie |b (Nováky) | |
| 222 | 0 | |a Petrochemie |b (Nováky) | |
| 245 | 0 | 0 | |a Petrochémia |
| 260 | |a Nováky |b Výskumný ústav pre petrochémiu |c [1960]-[2002] | ||
| 260 | 3 | |3 1984-[2002] |a Prievidza |b Výskumný ústav pre petrochémiu | |
| 300 | |a zv. |b tab. |c 32 cm | ||
| 310 | |a 6x ročne | ||
| 362 | 0 | |a [1960-2002] | |
| 500 | |a Národná agentúra ISSN uvádza rok ukončenia 1991 | ||
| 500 | |a Popis podľa: Č. 5-6 (1964) | ||
| 500 | |a Red. sa menia | ||
| 500 | |a Podnázov v tiráži: 1975-1982, interná publikácia Výskumného ústavu pre petrochémiu Nováky ; od r. 1983, bez podnázvu | ||
| 500 | |a Evidenčné číslo: ÚVTEI 73282 | ||
| 504 | |a Bibliogr. odkazy | ||
| 515 | |a Niektoré čísla vychádzajú ako dvojčíslo | ||
| 520 | |a Štúdium a výskum v odbore výroby základných alifatických chemikálií na báze petrochemických surovín ; výskum a vývoj zmäkčovadiel ; normalizačná a výskumná činnosť na úseku merania výbušností plynov a pár ; technicko-ekonomické štúdie ; dokumentácia | ||
| 546 | |a Čiast. text v češ. | ||
| 650 | 0 | 7 | |a petrochémia |2 SNKPH |9 28537 |
| 650 | 0 | 7 | |a chemický priemysel |2 SNKPH |9 69615 |
| 655 | 7 | |a špecializované časopisy |2 SNKPH |9 70509 | |
| 710 | 2 | |a Výskumný ústav pre petrochémiu (Nováky, Slovensko) |4 pbl |9 265272 | |
| 910 | |a snk | ||
| 916 | |a 1964, 1966-1990 | ||
| 999 | |c 440 |d 440 | ||
| 952 | |0 0 |1 0 |4 0 |7 0 |8 0 |a SNK |b SNK |d 1999-11-11 |f 1 |i snkČSP 1066/78 |l 0 |o snkČSB 1674/18/1978 |p 17A0217688 |r 2005-01-02 00:00:00 |t č. 1-6 |w 2026-02-21 |y PREZ |z Obsahuje celoročný obsah 1978 | ||
| 952 | |0 0 |1 0 |4 0 |7 0 |8 0 |a SNK |b SNK |d 2004-03-22 |i snkČSP 1067/78 |l 0 |o snkČSB 1674/18/1978 D1 |p 17A0423774 |r 2005-01-02 00:00:00 |t č. 1-6 |w 2026-02-21 |y PREZ |z Obsahuje celoročný obsah 1978 | ||
| 952 | |0 0 |1 0 |4 0 |7 0 |a SNK |b SNK |d 2011-04-08 |i snkČSP 1204/84 |l 0 |o snkČSB 1674/23/1983 D1 |p 17A0692938 |r 2026-02-21 19:57:02 |t č. 1-6 |w 2026-02-21 |y PREZ |z Obsahuje celoročný obsah 1983 | ||
| 952 | |0 0 |1 0 |4 0 |7 0 |a SNK |b SNK |d 2011-04-08 |i snkČSP 4966/87 |l 0 |o snkČSB 1674/26/1986 D1 |p 17A0692861 |r 2026-02-21 19:57:07 |t č. 1-6 |w 2026-02-21 |y PREZ |z Obsahuje celoročný obsah 1986 ; č. 2-3 je venované 70. výročiu narodenia prof. dr. Ing. M. Hrušovského, DrSc. | ||
| 952 | |0 0 |1 0 |4 0 |7 0 |a SNK |b SNK |d 2011-04-08 |i snkČSP 1030/76 |l 0 |o snkČSB 1674/16/1976 D1 |p 17A0692936 |r 2026-02-21 20:09:04 |t č. 1-6 |w 2026-02-21 |y PREZ |z Obsahuje celoročný obsah 1975 | ||
| 952 | |0 0 |1 0 |4 0 |7 0 |a SNK |b SNK |d 2008-08-21 |f 1 |i snkČSP 4965/87 |l 0 |o snkČSB 1674/26/1986 |p 17A0594325 |r 2026-02-21 20:28:43 |t č. 1-6 |w 2026-02-21 |y PREZ |z Obsahuje celoročný obsah 1986 ; č. 2-3 je venované 70. výročiu narodenia prof. dr. Ing. M. Hrušovského, DrSc. | ||
| 952 | |0 0 |1 0 |4 0 |7 0 |a SNK |b SNK |d 1997-10-09 |f 1 |i snkČSP 1203/84 |l 0 |o snkČSB 1674/23/1983 |p 17A0102751 |r 2005-01-02 00:00:00 |t č. 1-6 |w 2026-02-21 |y PREZ |z Obsahuje celoročný obsah 1983 | ||
| 952 | |0 0 |1 0 |4 0 |7 0 |a SNK |b SNK |d 2002-01-04 |f 1 |i snkČSP 796/80 |l 0 |o snkČSB 1674/19/1979 |p 17A0327036 |r 2005-01-02 00:00:00 |t č. 1-6 |w 2026-02-21 |y PREZ |z Obsahuje celoročný obsah 1979 | ||
| 952 | |0 0 |1 0 |4 0 |7 0 |a SNK |b SNK |d 1999-09-07 |f 1 |i snkČSP 1224/77 |l 0 |o snkČSB 1674/13/1973 |p 17A0209700 |r 2005-01-02 00:00:00 |t č. 1-6 |w 2026-02-21 |y PREZ |z Obsahuje celoročný obsah 1973 | ||
| 952 | |0 0 |1 0 |4 0 |7 0 |a SNK |b SNK |d 2002-01-04 |f 1 |i snkČSP 869/74 |l 0 |o snkČSB 1674/12/1972 |p 17A0327034 |r 2005-01-02 00:00:00 |t č. 1-6 |w 2026-02-21 |y PREZ |z Obsahuje celoročný obsah 1972 | ||
| 952 | |0 0 |1 0 |4 0 |7 0 |a SNK |b SNK |d 2003-04-09 |f 1 |i snkČSP 235/92 |l 0 |o snkČSB 1674/29/1989 |p 17A0379451 |r 2005-01-02 00:00:00 |t č. 1-6 |w 2026-02-21 |y PREZ |z Obsahuje celoročný obsah 1989 | ||
| 952 | |0 0 |1 0 |4 0 |7 0 |a SNK |b SNK |d 2003-07-24 |f 1 |i snkČSP 1226/77 |l 0 |o snkČSB 1674/14/1974 |p 17A0390454 |r 2005-01-02 00:00:00 |t č. 1-6 |w 2026-02-21 |y PREZ |z Obsahuje celoročný obsah 1974 | ||
| 952 | |0 0 |1 0 |4 0 |7 0 |a SNK |b SNK |d 1999-09-07 |f 1 |i snkČSP 1029/76 |l 0 |o snkČSB 1674/16/1976 |p 17A0206349 |r 2005-01-02 00:00:00 |t č. 1-6 |w 2026-02-21 |y PREZ |z Obsahuje celoročný obsah 1976 | ||
| 952 | |0 0 |1 0 |4 0 |7 0 |a SNK |b SNK |d 1999-09-07 |f 1 |i snkČSP 1227/77 |l 0 |o snkČSB 1674/15/1975 |p 17A0209976 |r 2005-01-02 00:00:00 |t č. 1-6 |w 2026-02-21 |y PREZ |z Vydané k 25. výročiu založenia Výskumného ústavu pre petrochémiu Nováky ; obsahuje celoročný obsah 1975 | ||
| 952 | |0 0 |1 0 |4 0 |7 0 |a SNK |b SNK |d 2020-07-23 |f 1 |i snkČSP 1679/83 |l 0 |o snkČSB 1674/22/1982 |p 17A0857582 |r 2026-02-21 21:51:34 |t č. 1-6 |w 2026-02-21 |y PREZ |z Obsahuje celoročný obsah 1982 | ||
| 952 | |0 0 |1 0 |4 0 |7 0 |a SNK |b SNK |d 2020-07-23 |i snkČSP 1680/83 |l 0 |o snkČSB 1674/22/1982 D1 |p 17A1430684 |r 2026-02-21 21:51:35 |t č. 1-6 |w 2026-02-21 |y PREZ |z Obsahuje celoročný obsah 1982 | ||
| 952 | |0 0 |1 0 |4 0 |7 0 |a SNK |b SNK |d 2020-07-23 |f 1 |i snkČSP 1839/82 |l 0 |o snkČSB 1674/21/1981 |p 17A0857660 |r 2026-02-21 22:08:38 |t č. 1-6 |w 2026-02-21 |y PREZ |z Obsahuj celoročný obsah 1981 | ||
| 952 | |0 0 |1 0 |4 0 |7 0 |a SNK |b SNK |d 2020-07-22 |i snkČSP 870/74 |l 0 |o snkČSB 1674/12/1972 D1 |p 17A1430676 |r 2026-02-21 22:08:39 |t č. 1-6 |w 2026-02-21 |y PREZ |z Obsahuje celoročný obsah 1972, č. 1 je xerokópia | ||
| 952 | |0 0 |1 0 |4 0 |7 0 |a SNK |b SNK |d 2020-07-22 |i snkČSP 1225/77 |l 0 |o snkČSB 1674/13/1973 D1 |p 17A1430677 |r 2026-02-21 22:08:39 |t č. 1-6 |w 2026-02-21 |y PREZ |z Obsahuje celoročný obsah 1973 | ||
| 952 | |0 0 |1 0 |4 0 |7 0 |a SNK |b SNK |d 2020-07-22 |i snkČSP 371/78 |l 0 |o snkČSB 1674/14/1974 D1 |p 17A1430678 |r 2026-02-21 22:08:39 |t č. 1-6, neúplné |w 2026-02-21 |y PREZ |z Obsahuje celoročný obsah 1974 ; chýba č. 5-6 | ||
| 952 | |0 0 |1 0 |4 0 |7 0 |a SNK |b SNK |d 2020-07-22 |i snkČSP 1028/75 |l 0 |o snkČSB 1674/15/1975 D2 |p 17A1430679 |r 2026-02-21 22:08:39 |t č. 1-6, neúplné |w 2026-02-21 |y PREZ |z Chýba č. 3-6 | ||
| 952 | |0 0 |1 0 |4 0 |7 0 |a SNK |b SNK |d 2020-07-22 |l 0 |o snkČSB 1674/15/1975 D1 |p 17A1430680 |r 2026-02-21 22:08:39 |t č. 1-6 |w 2026-02-21 |y PREZ |z Vydané k 25. výročiu založenia Výskumného ústavu pre petrochémiu Nováky ; obsahuje celoročný obsah 1975 | ||
| 952 | |0 0 |1 0 |4 0 |7 0 |a SNK |b SNK |d 2020-07-22 |f 1 |i snk ČSP 1031/77 |l 0 |o snkČSB 1674/17/1977 |p 17A0760772 |r 2026-02-21 22:08:39 |t č. 1-6 + osob. č. |w 2026-02-21 |y PREZ |z Obsahuje celoročný obsah 1977 | ||
| 952 | |0 0 |1 0 |4 0 |7 0 |a SNK |b SNK |d 2020-07-22 |i snk ČSP 1322/77 |l 0 |o snkČSB 1674/17/1977 D1 |p 17A1430681 |r 2026-02-21 22:08:39 |t č. 1-6 + osob. č. |w 2026-02-21 |y PREZ |z Obsahuje celoročný obsah 1977 | ||
| 952 | |0 0 |1 0 |4 0 |7 0 |a SNK |b SNK |d 2020-07-22 |i snkČSP 797/80 |l 0 |o snkČSB 1674/19/1979 D1 |p 17A1430682 |r 2026-02-21 22:08:39 |t č. 1-6 |w 2026-02-21 |y PREZ |z Obsahuje celoročný obsah 1979 | ||
| 952 | |0 0 |1 0 |4 0 |7 0 |a SNK |b SNK |d 2020-07-22 |f 1 |i snkČSP 1732/81 |l 0 |o snkČSB 1674/20/1980 |p 17A0761054 |r 2026-02-21 22:08:39 |t č. 1-6 |w 2026-02-21 |y PREZ |z Č. 3-4 Slávnostné číslo vydané z príležitosti 30. výročia založenia Výskumného ústavu pre petrochémiu v Novákoch ; obsahuje celoročný obsah 1980 | ||
| 952 | |0 0 |1 0 |4 0 |7 0 |a SNK |b SNK |d 2020-07-22 |i snkČSP 1733/81 |l 0 |o snkČSB 1674/20/1980 D1 |p 17A1430683 |r 2026-02-21 22:08:40 |t č. 1-6 |w 2026-02-21 |y PREZ |z Č. 3-4 Slávnostné číslo vydané z príležitosti 30. výročia založenia Výskumného ústavu pre petrochémiu v Novákoch ; obsahuje celoročný obsah 1980 | ||
| 952 | |0 0 |1 0 |4 0 |7 0 |a SNK |b SNK |d 2020-07-21 |f 1 |i snkČSP 151/68 |l 0 |o snkČSB 1674/1964 |p 17A0760773 |r 2026-02-21 22:08:40 |t č. 1-6, neúplné |w 2026-02-21 |y PREZ |z Chýba č. 1-4 | ||
| 952 | |0 0 |1 0 |4 0 |7 0 |a SNK |b SNK |d 2020-07-21 |f 1 |i snkČSP 139/68 |l 0 |o snkČSB 1674/1966 |p 17A0784613 |r 2026-02-21 22:08:40 |t č. 1-6 |w 2026-02-21 |y PREZ | ||
| 952 | |0 0 |1 0 |4 0 |7 0 |a SNK |b SNK |d 2020-07-21 |f 1 |i snkF 2342/88 |l 0 |o snkČSB 1674/1967/1 |p 17A0770602 |r 2026-02-21 22:08:40 |t č. 1 |w 2026-02-21 |y PREZ |z Obsahuje celoročný obsah 1967 | ||
| 952 | |0 0 |1 0 |4 0 |7 0 |a SNK |b SNK |d 2020-07-21 |f 1 |i snkČSP 632/68 |l 0 |o snkČSB 1674/1967/2 |p 17A0760821 |r 2026-02-21 22:08:40 |t č. 2-6 |w 2026-02-21 |y PREZ | ||
| 952 | |0 0 |1 0 |4 0 |7 0 |a SNK |b SNK |d 2020-07-21 |f 1 |i snkČSP 768/69 |l 0 |o snkČSB 1674/1968 |p 17A0760820 |r 2026-02-21 22:08:40 |t č. 1-6, neúplné |w 2026-02-21 |y PREZ |z Chýba č. 1 ; obsahuje celoročný obsah 1968 | ||
| 952 | |0 0 |1 0 |4 0 |7 0 |a SNK |b SNK |d 2020-07-21 |i snkČSP 140/68 |l 0 |o snkČSB 1674/1966 D1 |p 17A1430670 |r 2026-02-21 22:08:40 |t č. 1-6, neúplné |w 2026-02-21 |y PREZ |z Chýba č. 3 | ||
| 952 | |0 0 |1 0 |4 0 |7 0 |a SNK |b SNK |d 2020-07-21 |i snkČSP 631/68 |l 0 |o snkČSB 1674/1967 D1 |p 17A1430671 |r 2026-02-21 22:08:40 |t č. 1-6, neúplné |w 2026-02-21 |y PREZ |z Chýba č. 1 | ||
| 952 | |0 0 |1 0 |4 0 |7 0 |a SNK |b SNK |d 2020-07-21 |i snkČSP 767/69 |l 0 |o snkČSB 1674/1968 D1 |p 17A1430672 |r 2026-02-21 22:08:40 |t č. 1-6, neúplné |w 2026-02-21 |y PREZ |z Chýba č. 1 ; obsahuje celoročný obsah 1968 | ||
| 952 | |0 0 |1 0 |4 0 |7 0 |a SNK |b SNK |d 2020-07-21 |f 1 |i snkČSP 903/70 |l 0 |o snkČSB 1674/1969 |p 17A0760819 |r 2026-02-21 22:08:40 |t č. 1-6 |w 2026-02-21 |y PREZ | ||
| 952 | |0 0 |1 0 |4 0 |7 0 |a SNK |b SNK |d 2020-07-21 |i snkČSP 954/70 |l 0 |o snkČSB 1674/1969 D1 |p 17A1430673 |r 2026-02-21 22:08:40 |t č. 1-6 |w 2026-02-21 |y PREZ | ||
| 952 | |0 0 |1 0 |4 0 |7 0 |a SNK |b SNK |d 2020-07-21 |f 1 |i snkČSP 857/71 |l 0 |o snkČSB 1674/10/1970 |p 17A0760818 |r 2026-02-21 22:08:40 |t č. 1-6 |w 2026-02-21 |y PREZ | ||
| 952 | |0 0 |1 0 |4 0 |7 0 |a SNK |b SNK |d 2020-07-21 |i snkČSP 856/71 |l 0 |o snkČSB 1674/10/1970 D1 |p 17A1430674 |r 2026-02-21 22:08:40 |t č. 1-6 |w 2026-02-21 |y PREZ | ||
| 952 | |0 0 |1 0 |4 0 |7 0 |a SNK |b SNK |d 2020-07-21 |f 1 |i snkČSP 1192/72 |l 0 |o snkČSB 1674/11/1971 |p 17A0760817 |r 2026-02-21 22:08:41 |t č. 1-6 |w 2026-02-21 |y PREZ | ||
| 952 | |0 0 |1 0 |4 0 |7 0 |a SNK |b SNK |d 2020-07-21 |i snkČSP 1191/72 |l 0 |o snkČSB 1674/11/1971 D1 |p 17A1430675 |r 2026-02-21 22:08:41 |t č. 1-6 |w 2026-02-21 |y PREZ | ||
| 952 | |0 0 |1 0 |4 0 |7 0 |a SNK |b SNK |d 2020-07-23 |f 1 |i snkČSP 5429/86 |l 0 |o snkČSB 1674/25/1985 |p 17A0857522 |r 2026-02-21 22:15:24 |t č. 1-6 |w 2026-02-21 |y PREZ |z Obsahuje celoročný obsah 1985 ; č. 3-4 je venované 35. výročiu založenia Výskumného ústavu pre petrochémiu | ||
| 952 | |0 0 |1 0 |4 0 |7 0 |a SNK |b SNK |d 2020-07-23 |i snkČSP 5430/86 |l 0 |o snkČSB 1674/25/1985 D1 |p 17A1430686 |r 2026-02-21 22:15:24 |t č. 1-6 |w 2026-02-21 |y PREZ |z Obsahuje celoročný obsah 1985 ; č. 3-4 je venované 35. výročiu založenia Výskumného ústavu pre petrochémiu | ||
| 952 | |0 0 |1 0 |4 0 |7 0 |a SNK |b SNK |d 2020-07-23 |f 1 |i snkČSP 4171/88 |l 0 |o snkČSB 1674/27/1987 |p 17A0857583 |r 2026-02-21 22:15:24 |t č. 1-6 |w 2026-02-21 |y PREZ |z Obsahuje celoročný obsah 1987 | ||
| 952 | |0 0 |1 0 |4 0 |7 0 |a SNK |b SNK |d 2020-07-23 |i snkČSP 4172/88 |l 0 |o snkČSB 1674/27/1987 D1 |p 17A1430687 |r 2026-02-21 22:15:24 |t č. 1-6 |w 2026-02-21 |y PREZ |z Obsahuje celoročný obsah 1987 | ||
| 952 | |0 0 |1 0 |4 0 |7 0 |a SNK |b SNK |d 2020-07-23 |f 1 |i snkČSP 5055/89 |l 0 |o snkČSB 1674/28/1988 |p 17A0857584 |r 2026-02-21 22:15:24 |t č. 1-6 |w 2026-02-21 |y PREZ |z Obsahuje celoročný obsah 1988 | ||
| 952 | |0 0 |1 0 |4 0 |7 0 |a SNK |b SNK |d 2020-07-23 |i snkČSP 5056/89 |l 0 |o snkČSB 1674/28/1988 D1 |p 17A1430688 |r 2026-02-21 22:15:24 |t č. 1-6 |w 2026-02-21 |y PREZ |z Obsahuje celoročný obsah 1988 | ||
| 952 | |0 0 |1 0 |4 0 |7 0 |a SNK |b SNK |d 2020-07-23 |i snkČSP 236/92 |l 0 |o snkČSB 1674/29/1989 D1 |p 17A1430689 |r 2026-02-21 22:15:24 |t č. 1-6 |w 2026-02-21 |y PREZ |z Obsahuje celoročný obsah 1989 | ||
| 952 | |0 0 |1 0 |4 0 |7 0 |a SNK |b SNK |d 2020-07-23 |f 1 |i snkČSP 2464/92 |l 0 |o snkČSB 1674/30/1990 |p 17A0857586 |r 2026-02-21 22:15:24 |t č. 1-6 |w 2026-02-21 |y PREZ |z Č. 1-2 venované 40. výročiu založenia Výskumného ústavu pre petrochémiu | ||
| 952 | |0 0 |1 0 |4 0 |7 0 |a SNK |b SNK |d 2020-07-23 |i snkČSP 2465/92 |l 0 |o snkČSB 1674/30/1990 D1 |p 17A1430690 |r 2026-02-21 22:15:24 |t č. 1-6 |w 2026-02-21 |y PREZ |z Č. 1-2 venované 40. výročiu založenia Výskumného ústavu pre petrochémiu | ||
| 952 | |0 0 |1 0 |4 0 |7 0 |a SNK |b SNK |d 2020-07-23 |f 1 |i snkČSP 1421/85 |l 0 |o snkČSB 1674/24/1984 |p 17A0857579 |r 2026-02-21 22:21:22 |t č. 1-6 |w 2026-02-21 |y PREZ |z Obsahuje celoročný obsah 1984 | ||
| 952 | |0 0 |1 0 |4 0 |7 0 |a SNK |b SNK |d 2020-07-23 |i snkČSP 1422/85 |l 0 |o snkČSB 1674/24/1984 D1 |p 17A1430685 |r 2026-02-21 22:21:22 |t č. 1-6 |w 2026-02-21 |y PREZ |z Obsahuje celoročný obsah 1984 | ||
| 952 | |0 0 |1 0 |4 0 |7 0 |a SNK |b SNK |d 2016-06-03 |i snkČSP 1840/82 |l 0 |o snkČSB 1674/21/1981 D1 |p 17A1150566 |r 2026-02-21 22:24:01 |t č. 1-6 |w 2026-02-21 |y PREZ |z Obsahuje celoročný obsah 1981 | ||


